|
|
|
|
| LEADER |
00904nam a22002057a 4500 |
| 020 |
|
|
|a 978-81-7638-067-6
|
| 082 |
|
|
|b ANA/N Q1
|a 700
|
| 100 |
|
|
|a സി വി ആനന്ദബോസ്
|9 269215
|
| 100 |
|
|
|a C V Ananda Bose
|9 269216
|
| 240 |
|
|
|a Nirangal Kathayezhuthumbol
|
| 245 |
|
|
|a നിറങ്ങള് കഥയെഴുതുമ്പോള്
|
| 250 |
|
|
|a 1st
|
| 260 |
|
|
|a Trivandrum;
|b Kerala Bhasha Institute;
|c 2011
|
| 300 |
|
|
|a 118p.
|
| 650 |
|
|
|a മലയാളം; കല
|9 269217
|
| 650 |
|
|
|a Malayalam; Art
|9 269218
|
| 942 |
|
|
|c BK
|
| 999 |
|
|
|c 50226
|d 50226
|
| 952 |
|
|
|0 0
|1 0
|4 0
|6 700_000000000000000_ANA_N_Q1
|7 0
|8 Art
|9 59242
|a MAL
|b MAL
|d 2016-03-18
|e RC378
|g 90.00
|l 0
|o 700 ANA/N Q1
|p MALRC000378
|r 2016-03-18
|t 1
|w 2016-03-18
|y BK
|
| 952 |
|
|
|0 0
|1 0
|4 0
|6 700_000000000000000_ANA_N_Q11
|7 0
|8 Art
|9 59243
|a MAL
|b MAL
|d 2017-01-20
|e CR378
|g 90.00
|l 0
|o 700 ANA/N Q1;1
|p MALCR000378
|r 2017-01-20
|t 2
|w 2017-01-20
|y BK
|